| 000 | 00710nam a2200229Ia 4500 | ||
|---|---|---|---|
| 005 | 20241129120149.0 | ||
| 008 | 241129s9999||||xx |||||||||||||| ||und|| | ||
| 020 | _a9781035322039 | ||
| 037 | _aTB | ||
| 040 |
_aSDCL _beng _cSDCL |
||
| 041 |
_aeng _2eng |
||
| 084 |
_aX:(G:55), R3 _qSDCL |
||
| 100 |
_aBergstrom John C. Ed.; Whitehead John C. Ed. _9729309 |
||
| 245 | 0 | _aTeaching Environmental and Natural Resource Economics: Paradigms and Pedagogy | |
| 260 |
_aCheltenham _bEdward Elgar _c2023 |
||
| 300 | _axv,316p. | ||
| 365 |
_aGBP _b31.95 |
||
| 490 | _aElgar guides to teaching | ||
| 650 | _aBusiness Economics and Finance | ||
| 942 |
_cTB _hX:(G:55), R3 |
||
| 999 |
_c1233617 _d1233617 |
||